000
00207nam a2200097 4500
999
_c
530013
_d
530013
040
_c
DLC
082
_a
823.914
_b
BAS
100
_a
Basu, Partha
_9
23285
245
_a
The Curious Case of 221B
942
_2
ddc
_c
BK